Statistics for Countries of Pre-Columbian Mesoamerica with a Map

Click here to take the quiz!

General Stats

  • This quiz has been taken 1,221 times
  • The average score is 8 of 154

Answers on the Map

Answers color-coded by a green-red scale on the quiz's map according to % correct below.
 

Answer Stats

Countries% Correct
Aztec Empire
100%
Tlaxcala
21%
Can Pech
14%
Tarascan
12%
Xalisco
11%
Colliman
10%
Tah Itza
10%
Chol
9%
Kiche
8%
Nandalumi o Chiapan
8%
Cholula
7%
Teotitlán
7%
Guamar
6%
Managua
6%
San Salvador
6%
Tehuantepec
6%
Tututepec
6%
Ah Canul
5%
Car
5%
Ceh Pech
5%
Chakan
5%
Chákan Putum
5%
Colhuacán
5%
Cupul
5%
Ekab
5%
Mam
5%
Mixistlán
5%
Nicoya
5%
San Diego
5%
Tutul Xiu
5%
Tzotzil
5%
Uaymil
5%
Xécora
5%
Acatic
4%
Ah Kin Chel
4%
Amapila
4%
Amaxocotlán
4%
Amecan
4%
Amollan
4%
Autlán
4%
Aztatlán
4%
Cackchiquel
4%
Cak-Aya
4%
Calotmul
4%
Chactumal
4%
Chiametl
4%
Chikinchel
4%
Chila
4%
Chorotega
4%
Chorti
4%
Chuj
4%
Coatzacoalcos
4%
Cochuah
4%
Copala
4%
Cutzallan
4%
Cuzcatlán
4%
Dzuliunicob
4%
Eloxochitlán
4%
Etzatlán
4%
Guachinango
4%
Hocabá
4%
Huejotzingo
4%
Ixtapa
4%
Izquintepeque
4%
Kekchi
4%
Kowoj
4%
Lacandon
4%
Manalaca o Popocatepét
4%
Manche
4%
Masaya
4%
Melahuacan
4%
Metztitlán
4%
Mexticacan
4%
Mezquitlán
4%
Mistega
4%
Mita
4%
Mitic
4%
Mopan
4%
Naco
4%
Nagrando
4%
Panuco
4%
Papan-Toan
4%
Peñól Blanco
4%
Poqomam
4%
Poqomchi
4%
Potonchan
4%
Sombrerete
4%
Sotuta
4%
Tazes
4%
Tecpatitlán
4%
Tenamaxtlán
4%
Teulinchán
4%
Tomatlán
4%
Tonallan
4%
Tutotepec
4%
Tzapotzingo
4%
Tzeltal
4%
Tzenticpac
4%
Tzutijil
4%
Uspantán
4%
Xicalango
4%
Xic Conecán
4%
Xinca
4%
Xochipilan
4%
Yalain
4%
Yopiltzinco
4%
Yuac
4%
Zain
4%
Zoque
4%
Zoquitlán
4%
Acalae
3%
Ahuacatlán
3%
Akajal
3%
Atenquilitl
3%
Awakatec
3%
Ayahualican
3%
Cehach
3%
Cerquin
3%
Chalchihuitl
3%
Chapuli
3%
Coatlicamac
3%
Coculla
3%
Coinán
3%
Colotlán
3%
Copilco
3%
Cosala
3%
Cuauhcapolca
3%
Cubulco
3%
Diria
3%
Guaxenico
3%
Huayacocotla
3%
Huitzíngarit
3%
Ixtlahuacán
3%
Kanjobal
3%
Mezquititlán
3%
Nachank-Aya
3%
Nequecheri
3%
Nochari
3%
Olocoton
3%
Poncitlán
3%
Quiatiu-Aya
3%
Rabinaleb
3%
Tamactun
3%
Tamohi
3%
Tetitlán
3%
Tezoatega
3%
Tlacuitlapán
3%
Tlaltenango
3%
Tojolabal
3%
Xalostotitlán
3%
Xochitepec
3%
Yamanquex
3%
Zacabula
3%
Zahuatán
3%

Score Distribution

Percentile by Number Answered

Percent of People with Each Score

Your Score History

You have not taken this quiz